[Event "10th Chennai Open 2018"]
[Site "Chennai IND"]
[Date "2018.01.23"]
[Round "8.12"]
[White "Solodovnichenko, Yuri"]
[Black "Mithil, Ajgaonkar"]
[Result "1-0"]
[WhiteTitle "GM"]
[WhiteElo "2571"]
[BlackElo "2219"]
[WhiteFideId "14104369"]
[BlackFideId "5017343"]
[EventDate "2018.01.18"]

1. e4 e6 2. d4 d5 3. Nc3 dxe4 4. Nxe4 Bd7 5. Nf3 Bc6 6. Bd3 Nd7 7. O-O Be7 8.
Qe2 Ngf6 9. Ng3 Bxf3 10. Qxf3 c6 11. b3 O-O 12. Bb2 g6 13. c4 Re8 14. Rad1 Bf8
15. Bc2 Bg7 16. Rfe1 Nb6 17. Bc1 Nbd7 18. a3 Qc8 19. Bg5 a5 20. h4 h5 21. Re2 a4
22. b4 Nh7 23. Ne4 Nxg5 24. hxg5 Qc7 25. c5 Bf8 26. g4 h4 27. Kg2 b6 28. cxb6
Qxb6 29. Nf6+ Nxf6 30. gxf6 Red8 31. Qf4 Qb5 32. Bd3 Qd5+ 33. Be4 Qc4 34. Red2
Qb5 35. g5 h3+ 36. Kxh3 Rxd4 37. Rxd4 e5 38. Qf3 exd4 39. Bxc6 Qe5 40. Bxa8 Bd6
41. Kg4 Qe6+ 42. Kh4 Qe5 43. Rh1 d3 44. Qe4 Qc3 45. Bd5 Kf8 46. Kg4 Qc8+ 47. Kf3
Bh2 48. Rxh2 Kg8 49. Rh1 1-0

[Event "10th Chennai Open 2018"]
[Site "Chennai IND"]
[Date "2018.01.23"]
[Round "8.13"]
[White "Tiwari, Arjun"]
[Black "Horvath, Adam1"]
[Result "0-1"]
[BlackTitle "GM"]
[WhiteElo "2179"]
[BlackElo "2484"]
[WhiteFideId "5011337"]
[BlackFideId "708003"]
[EventDate "2018.01.18"]

1. e4 c5 2. Nc3 a6 3. f4 b5 4. Nf3 Bb7 5. d3 e6 6. Qe2 Nc6 7. g3 Nd4 8. Nxd4
cxd4 9. Nd1 Rc8 10. Bg2 Bb4+ 11. c3 dxc3 12. bxc3 Rxc3 13. O-O Rc8 14. Bb2 Nf6
15. g4 O-O 16. f5 d5 17. g5 Ne8 18. f6 dxe4 19. Bxe4 Bxe4 20. Qxe4 Bc5+ 21. Nf2
Nd6 22. Qe2 g6 23. d4 Bb6 24. Rad1 Nf5 25. Ng4 Qd5 26. Qf3 Qxf3 27. Rxf3 Rfd8
28. Ba3 Rxd4 29. Rxd4 Bxd4+ 30. Kh1 h5 31. gxh6 Kh7 32. Be7 Rc1+ 33. Kg2 Nh4+ 0-1

[Event "10th Chennai Open 2018"]
[Site "Chennai IND"]
[Date "2018.01.23"]
[Round "8.14"]
[White "Khusenkhojaev, Muhammad"]
[Black "Harshavardhan, G B"]
[Result "1/2-1/2"]
[WhiteTitle "IM"]
[WhiteElo "2462"]
[BlackElo "2107"]
[WhiteFideId "14700247"]
[BlackFideId "25059009"]
[EventDate "2018.01.18"]

1. Nf3 Nf6 2. c4 e6 3. g3 Be7 4. Bg2 O-O 5. d4 d5 6. O-O Nbd7 7. b3 c6 8. Nc3 b6
9. Bb2 Ba6 10. Nd2 Rc8 11. e4 dxe4 12. Ndxe4 b5 13. cxb5 cxb5 14. Re1 b4 15.
Nxf6+ Nxf6 16. Ne4 Nxe4 17. Bxe4 Bf6 18. a3 Qb6 19. axb4 Bb7 20. Bxb7 Qxb7 21.
Ra4 Rfd8 22. Qa1 Rd7 23. Rc1 Rxc1+ 24. Qxc1 h6 25. b5 Qxb5 26. Qc2 Qb6 27. Rc4
Rd8 28. Rc6 Qb4 29. Rc8 Rxc8 30. Qxc8+ Kh7 31. Qc2+ g6 32. Qc3 Qxc3 33. Bxc3 Kg8
34. Kf1 Kf8 35. Ke2 Ke7 36. Kd3 Kd6 37. Kc4 Kc6 38. g4 Bg5 39. h3 Bf4 40. f3 h5
41. Bb4 a6 42. Bc3 Bg5 43. Bb4 Bf4 44. Bc3 Bg5 45. Bb4 Bf4 46. Bc3 Bg5 1/2-1/2

[Event "10th Chennai Open 2018"]
[Site "Chennai IND"]
[Date "2018.01.23"]
[Round "8.15"]
[White "Sahil, Tickoo"]
[Black "Czebe, Attila"]
[Result "0-1"]
[BlackTitle "GM"]
[WhiteElo "2161"]
[BlackElo "2458"]
[WhiteFideId "5019710"]
[BlackFideId "705268"]
[EventDate "2018.01.18"]

1. d4 Nf6 2. Bf4 g6 3. Nc3 Bg7 4. e4 O-O 5. Qd2 d5 6. e5 Ne4 7. Nxe4 dxe4 8. Bc4
c5 9. Ne2 Nc6 10. c3 Bg4 11. h3 Bxe2 12. Qxe2 cxd4 13. Qxe4 dxc3 14. bxc3 Qa5
15. O-O Rad8 16. e6 f5 17. Qe3 Qxc3 18. Qxc3 Bxc3 19. Rad1 Be5 20. Bh6 Bg7 21.
Bf4 Rd4 22. Rxd4 Nxd4 23. Be3 Rd8 24. Bxd4 Rxd4 25. Bb3 Be5 26. Rd1 Rxd1+ 27.
Bxd1 Kg7 28. Bb3 Kf6 29. Kf1 Bd6 30. Ke2 Ke5 31. Kd3 b5 32. g3 Bc5 33. f4+ Kd6
34. g4 a5 35. gxf5 gxf5 36. a4 bxa4 37. Ba2 Ba3 38. Kc2 Kc5 39. Kd1 Bb2 40. Kc2
a3 41. Kb3 Kd5 42. Bb1 Kxe6 43. Ka4 Bc1 44. Kxa5 Bxf4 45. Kb4 Bd6+ 46. Kc4 Ke5
47. Kb3 h5 48. h4 Kf4 49. Bc2 Kg4 0-1

[Event "10th Chennai Open 2018"]
[Site "Chennai IND"]
[Date "2018.01.23"]
[Round "8.16"]
[White "Kushagra, Mohan"]
[Black "Arjun, Kalyan"]
[Result "1/2-1/2"]
[WhiteTitle "CM"]
[WhiteElo "2150"]
[BlackElo "2407"]
[WhiteFideId "25033638"]
[BlackFideId "35018701"]
[EventDate "2018.01.18"]

1. e4 e5 2. Nf3 Nc6 3. Bb5 a6 4. Ba4 Nf6 5. O-O Be7 6. Nc3 b5 7. Bb3 d6 8. Nd5
Na5 9. Nxe7 Qxe7 10. d3 O-O 11. Qe1 Nxb3 12. axb3 h6 13. b4 Be6 14. h3 Nd7 15.
Qc3 c5 16. bxc5 Nxc5 17. b3 Rfc8 18. Qb4 Qc7 19. Nh4 a5 20. Qe1 g5 21. f4 exf4
22. Nf3 Nd7 23. Rf2 a4 24. bxa4 bxa4 25. Ba3 d5 26. exd5 Bxd5 27. Nd4 Qe5 28.
Qxe5 Nxe5 29. Nf5 Kh7 30. Ne7 Rd8 31. Rb1 Nc6 32. Nxc6 Bxc6 33. Rb6 Bd5 34. Re2
Be6 35. Re4 Rdc8 36. c4 Rd8 37. Bd6 Bf5 38. Re7 Bg6 39. d4 a3 40. Re1 a2 41. Ra1
Ra4 42. c5 Be4 43. Be5 Bd5 44. c6 Rc8 45. c7 f6 46. Rb8 Ra8 47. Bd6 Kg6 48. g3
fxg3 49. Bxg3 Kf7 50. Rb5 Bc4 51. Rb4 Be6 52. Kh2 Ke7 53. Rb5 Kd7 54. d5 Bg8 55.
Rb6 Re8 56. Rxf6 Re2+ 57. Kg1 Rb2 58. Rd6+ Kxc7 59. Rxh6+ Kb7 60. Be5 Rb1+ 61.
Kh2 Bxd5 62. Rd6 Bb3 63. Rd2 Kc6 64. Rg2 Bd5 65. Rg1 Be4 66. Rxg5 Ra5 67. Rg4
Kd5 68. Bg7 Ra7 69. Bc3 Ra3 70. Bg7 Rd3 71. Rg5+ Kc4 72. Rg4 Rd2+ 73. Kg3 Kd3
74. h4 Rb7 75. Be5 Re7 76. Bf6 Rf7 77. Rf4 Ke3 78. Bd4+ Kxd4 79. Rxf7 Kc3 80.
Ra7 Bb1 81. h5 Kb2 82. R1xa2+ Bxa2 83. h6 Rd6 84. h7 Rh6 85. Kg4 Rh1 86. Kg5 Bd5
87. Re7 Bc4 88. Rd7 Kc3 89. Rc7 Kd3 90. Rxc4 Kxc4 91. Kg6 1/2-1/2

[Event "10th Chennai Open 2018"]
[Site "Chennai IND"]
[Date "2018.01.23"]
[Round "8.17"]
[White "Raghunandan, Kaumandur Srihari"]
[Black "Kumar, S."]
[Result "1-0"]
[WhiteTitle "IM"]
[WhiteElo "2402"]
[BlackElo "1852"]
[WhiteFideId "25004964"]
[BlackFideId "5044545"]
[EventDate "2018.01.18"]

1. e4 c5 2. Nf3 g6 3. c3 Bg7 4. d4 cxd4 5. cxd4 d5 6. e5 Bg4 7. Bb5+ Nd7 8. O-O
e6 9. Nbd2 Ne7 10. h3 Bxf3 11. Nxf3 h6 12. Bf4 a6 13. Bd3 O-O 14. Qd2 Kh7 15. h4
Rh8 16. Rfc1 Qb6 17. Rc3 Rhc8 18. Rb3 Qa7 19. Qb4 Nc6 20. Qxb7 Nxd4 21. Nxd4
Qxd4 22. Qxd7 Qxf4 23. g3 Qg4 24. Qxf7 Rf8 25. Qe7 Qd4 26. Rf1 Qxe5 27. h5 Qxh5
28. Qxe6 Rf6 29. Qe7 Qg5 30. Rb7 Rg8 31. Kg2 Kh8 32. f4 Qg4 33. Rh1 h5 34. Rh4
Qe6 35. Bxg6 1-0

[Event "10th Chennai Open 2018"]
[Site "Chennai IND"]
[Date "2018.01.23"]
[Round "8.18"]
[White "Dixit, Nikhil"]
[Black "Rathnakaran, K."]
[Result "1/2-1/2"]
[BlackTitle "IM"]
[WhiteElo "2139"]
[BlackElo "2372"]
[WhiteFideId "5059534"]
[BlackFideId "5005507"]
[EventDate "2018.01.18"]

1. e4 c5 2. Nf3 e6 3. b3 b6 4. Bb2 Bb7 5. Nc3 a6 6. Qe2 Nc6 7. O-O-O b5 8. e5
Qa5 9. d4 cxd4 10. Nxd4 Nxd4 11. Rxd4 Rc8 12. Qd3 Ba3 13. Kb1 Bxb2 14. Kxb2 f5
15. a3 Qc7 16. f4 Ne7 17. Be2 Nc6 18. Rd6 b4 19. axb4 Nxb4 20. Qd4 Nd5 21. Bc4
O-O 22. Ra1 Rfd8 23. Nxd5 Bxd5 24. Bd3 Bxg2 25. Raxa6 Ra8 26. Qb6 Qxb6 27. Raxb6
Kf7 28. Rb4 Ke7 29. Rbd4 Bc6 30. b4 Rdb8 31. Kb3 g5 32. fxg5 Ra5 33. c4 Rxe5 34.
b5 Rb7 35. Kb4 Re1 36. c5 Bxb5 37. Bxb5 Rb1+ 38. Kc4 Rc1+ 39. Kb4 Rb1+ 40. Kc4
Rc1+ 41. Kb4 1/2-1/2

[Event "10th Chennai Open 2018"]
[Site "Chennai IND"]
[Date "2018.01.23"]
[Round "8.19"]
[White "Lakshmi, C"]
[Black "Roy Chowdhury, Saptarshi"]
[Result "0-1"]
[WhiteTitle "WFM"]
[BlackTitle "GM"]
[WhiteElo "1836"]
[BlackElo "2318"]
[WhiteFideId "25035347"]
[BlackFideId "5002974"]
[EventDate "2018.01.18"]

1. e4 b6 2. d4 Bb7 3. Nc3 e6 4. Nf3 d6 5. Bd3 Nd7 6. Bf4 g6 7. Qe2 a6 8. Nd1 Bg7
9. c3 Ne7 10. h3 h6 11. Ne3 g5 12. Bg3 Ng6 13. Qd2 Nf6 14. e5 Ne4 15. Qc2 Nxg3
16. fxg3 Ne7 17. O-O-O Qd7 18. exd6 cxd6 19. h4 gxh4 20. gxh4 b5 21. Kb1 Rb8 22.
Be4 b4 23. c4 b3 24. axb3 Bxe4 25. Qxe4 Rxb3 26. Nd2 Rb7 27. Rc1 O-O 28. Rc2 f5
29. Qf4 e5 30. dxe5 dxe5 31. Qf3 e4 32. Qf1 Rfb8 33. Nd1 Nc6 34. c5 Kh8 35. Qc4
Rb4 36. Qxa6 Rd4 37. Kc1 Nb4 38. c6 Qc7 39. Qa3 Nxc2 40. Kxc2 Qxc6+ 41. Nc3 Rdb4
42. Rb1 e3 43. Nf3 Kh7 44. Kd3 Rb3 45. Qa7 Rxc3+ 46. bxc3 Qxc3+ 47. Ke2 Rxb1 48.
Qxe3 Rb2+ 49. Nd2 Qxe3+ 50. Kxe3 h5 51. Nf3 Rxg2 52. Kf4 Kg6 53. Ke3 Bf6 54. Kd3
Rg3 55. Ke2 f4 56. Kf2 Kf5 57. Ke2 Kg4 58. Ne1 Bxh4 59. Nd3 Re3+ 60. Kf1 Rxd3
61. Kg2 f3+ 62. Kh2 Bg3+ 63. Kh1 Rd1# 0-1

[Event "10th Chennai Open 2018"]
[Site "Chennai IND"]
[Date "2018.01.23"]
[Round "8.20"]
[White "Hegde, Ravi Gopal"]
[Black "Gajwa, Ankit"]
[Result "1-0"]
[WhiteTitle "IM"]
[BlackTitle "FM"]
[WhiteElo "2105"]
[BlackElo "2284"]
[WhiteFideId "5000254"]
[BlackFideId "5077834"]
[EventDate "2018.01.18"]

1. c4 Nf6 2. g3 g6 3. Bg2 Bg7 4. Nf3 O-O 5. O-O d6 6. d4 Nbd7 7. Nc3 e5 8. e4 c6
9. b3 exd4 10. Nxd4 Nc5 11. h3 Re8 12. Re1 a5 13. Bf4 Qb6 14. Bxd6 Nfd7 15. Nde2
Ne5 16. Rf1 Be6 17. Qc2 Rad8 18. Rad1 f5 19. Nf4 Bc8 20. Kh2 Nf7 21. Bxc5 Qxc5
22. Na4 Qb4 23. Nd3 Qe7 24. Rfe1 fxe4 25. Rxe4 Qf6 26. Nac5 Rxe4 27. Nxe4 Qd4
28. f4 Qe3 29. Ndf2 Rxd1 30. Nxd1 Qe1 31. Qd2 Qxd2 32. Nxd2 Bd4 33. Nf3 Bc5 34.
Nc3 Bf5 35. g4 Be6 36. Ne4 Be3 37. Kg3 Kf8 38. Nfg5 Nxg5 39. Nxg5 Bg8 40. Kf3
Bc5 41. Ne4 Bb4 42. Bf1 Ke7 43. f5 gxf5 44. gxf5 Bf7 45. Ke3 Ba3 46. Be2 b6 47.
Bg4 Bc1+ 48. Kd3 Bb2 49. Bf3 Be8 50. c5 b5 51. a4 bxa4 52. bxa4 Be5 53. Nd2 Kf6
54. Bg4 Bc7 55. Kd4 Be5+ 56. Ke4 Bf7 57. Kd3 Bc7 58. Bf3 Be8 59. Be4 Bd7 60. Nf3
Bxf5 61. Bxf5 Kxf5 62. Nd4+ Ke5 63. Kc4 Ke4 64. Nxc6 Kf4 65. Nd4 Kg3 66. Ne6 Be5
67. Kd5 1-0

[Event "10th Chennai Open 2018"]
[Site "Chennai IND"]
[Date "2018.01.24"]
[Round "9.1"]
[White "Rozum, Ivan"]
[Black "Laxman, R.R."]
[Result "1-0"]
[WhiteTitle "GM"]
[BlackTitle "GM"]
[WhiteElo "2595"]
[BlackElo "2434"]
[WhiteFideId "24104272"]
[BlackFideId "5005361"]
[EventDate "2018.01.18"]

1. Nf3 Nf6 2. g3 d5 3. Bg2 g6 4. c4 Bg7 5. d4 dxc4 6. O-O O-O 7. Na3 c3 8. bxc3
c5 9. Re1 Nc6 10. Bb2 Qb6 11. Nc4 Qa6 12. Ncd2 Be6 13. Ng5 Bg4 14. h3 cxd4 15.
hxg4 Qb5 16. cxd4 Qxb2 17. e3 Qb5 18. Nge4 Nxe4 19. Nxe4 Rac8 20. Rb1 Qa5 21.
Rxb7 Qxa2 22. d5 Rfd8 23. Qb1 Qxb1 24. Rexb1 Ne5 25. Rxa7 Nxg4 26. Bh3 Rc4 27.
Rxe7 Ne5 28. Bg2 Rdc8 29. Reb7 Rc1+ 30. Bf1 h6 31. Rb8 Kh7 32. Rxc8 Rxb1 33. Kg2
Rd1 34. f4 Nd7 35. d6 Nb6 36. Rc6 f5 37. Be2 Rb1 38. Nc5 Rc1 39. Bb5 Rc2+ 40.
Kg1 Rc1+ 41. Kf2 Rc2+ 42. Kf3 g5 43. fxg5 hxg5 44. g4 fxg4+ 45. Kxg4 Rc3 46.
Rxb6 Rxc5 47. Bd3+ 1-0

[Event "10th Chennai Open 2018"]
[Site "Chennai IND"]
[Date "2018.01.24"]
[Round "9.2"]
[White "Visakh, N R"]
[Black "Dzhumaev, Marat"]
[Result "1/2-1/2"]
[WhiteTitle "IM"]
[BlackTitle "GM"]
[WhiteElo "2457"]
[BlackElo "2434"]
[WhiteFideId "25012223"]
[BlackFideId "14200236"]
[EventDate "2018.01.18"]

1. d4 d6 2. Nf3 Nf6 3. g3 g6 4. Bg2 Bg7 5. c4 c6 6. O-O O-O 7. b3 e5 8. dxe5
dxe5 9. Bb2 e4 10. Nfd2 Bf5 11. e3 Na6 12. a3 Nc5 13. b4 Nd3 14. Bd4 Qe7 15. Nc3
Rfd8 16. Qc2 Rxd4 17. exd4 e3 18. Nf3 Nxf2 19. Qa2 Re8 20. Rae1 Qd7 21. c5 Re7
22. Re2 h5 23. Nd1 Nh3+ 24. Bxh3 Bxh3 25. Nxe3 Bxf1 26. Nxf1 Nd5 27. Kg2 Bf6 28.
Rxe7 Qxe7 29. Qd2 Qe4 30. h4 Kg7 31. Kf2 Nc7 32. Ne3 Ne6 33. d5 cxd5 34. Qxd5
Qb1 35. Qd2 Qb3 36. Nc2 Bb2 37. Kg2 Bxa3 38. Nxa3 Qxa3 39. Nd4 Nf8 40. Nb5 Qa6
41. Nd6 Qc6+ 42. Kh2 Ne6 43. Qb2+ Kg8 44. Qf6 Qd7 45. Qe5 a6 46. Ne4 Qd8 47.
Nf6+ Kf8 48. Nd5 Ke8 49. Nf6+ Ke7 50. Nd5+ Kd7 51. Qd6+ Ke8 52. Qe5 Kd7 53. Qd6+
Ke8 54. Qe5 Kd7 55. Qd6+ Ke8 56. Qe5 Kd7 57. Qd6+ 1/2-1/2

[Event "10th Chennai Open 2018"]
[Site "Chennai IND"]
[Date "2018.01.24"]
[Round "9.3"]
[White "Erigaisi, Arjun"]
[Black "Solodovnichenko, Yuri"]
[Result "1/2-1/2"]
[WhiteTitle "FM"]
[BlackTitle "GM"]
[WhiteElo "2386"]
[BlackElo "2571"]
[WhiteFideId "35009192"]
[BlackFideId "14104369"]
[EventDate "2018.01.18"]

1. d4 d5 2. c4 e6 3. Nf3 c6 4. Bg5 Nf6 5. e3 Qa5+ 6. Nbd2 Ne4 7. Bf4 Bd6 8. Bxd6
Nxd6 9. Qc2 dxc4 10. Bxc4 Nxc4 11. Qxc4 b6 12. Qc3 Qxc3 13. bxc3 Ba6 14. a4 Nd7
15. a5 Ke7 16. Kd1 c5 17. axb6 axb6 18. Kc2 Bb7 19. Rhb1 cxd4 20. cxd4 Rhc8+ 21.
Kb2 Nf6 22. Ne5 Bxg2 23. Rg1 Rxa1 24. Kxa1 Rc2 25. Rxg2 Rxd2 26. Rxg7 Rxf2 27.
Rxf7+ Ke8 28. Kb1 h5 29. Kc1 Rf1+ 30. Kb2 Rf5 31. Rb7 Rf2+ 32. Kb3 Rxh2 33. Rxb6
Ke7 34. Rb7+ Ke8 35. Rb8+ Ke7 36. Rb7+ Ke8 37. Rb8+ 1/2-1/2

[Event "10th Chennai Open 2018"]
[Site "Chennai IND"]
[Date "2018.01.24"]
[Round "9.4"]
[White "Czebe, Attila"]
[Black "Gareyev, Timur"]
[Result "0-1"]
[WhiteTitle "GM"]
[BlackTitle "GM"]
[WhiteElo "2458"]
[BlackElo "2605"]
[WhiteFideId "705268"]
[BlackFideId "14200937"]
[EventDate "2018.01.18"]

1. Nf3 Nf6 2. g3 d5 3. Bg2 g6 4. b3 Bg7 5. Bb2 c5 6. O-O O-O 7. e3 Nc6 8. Qe2 d4
9. Re1 e5 10. d3 Be6 11. Nbd2 Rc8 12. Nc4 Nd5 13. e4 Ndb4 14. Bc1 b5 15. Nb2 Ne7
16. a3 Nbc6 17. Qf1 Bd7 18. Bd2 a6 19. a4 Nb4 20. Bxb4 cxb4 21. axb5 axb5 22.
Re2 Ra8 23. Rb1 Ra2 24. Ne1 f5 25. exf5 Bxf5 26. Bh3 Nd5 27. Nd1 Qd6 28. Bxf5
gxf5 29. c4 Rxe2 30. Qxe2 bxc4 31. bxc4 Nc3 32. Nxc3 dxc3 33. Qa2 Qc5 34. Nc2
Rb8 35. Qa4 Bf8 36. Qd7 b3 37. Qxf5 Rb6 38. Ne1 c2 39. Ra1 Rb7 40. d4 Qxd4 41.
Ra8 Rf7 42. Qg5+ Kh8 0-1

[Event "10th Chennai Open 2018"]
[Site "Chennai IND"]
[Date "2018.01.24"]
[Round "9.5"]
[White "Tukhaev, Adam"]
[Black "Nitin, S."]
[Result "1/2-1/2"]
[WhiteTitle "GM"]
[BlackTitle "IM"]
[WhiteElo "2570"]
[BlackElo "2422"]
[WhiteFideId "14109476"]
[BlackFideId "5018277"]
[EventDate "2018.01.18"]

1. e4 c5 2. Nf3 d6 3. d4 cxd4 4. Nxd4 Nf6 5. Nc3 a6 6. h3 e5 7. Nde2 h5 8. Bg5
Be6 9. Bxf6 Qxf6 10. Nd5 Qd8 11. Qd3 Nc6 12. O-O-O g6 13. Kb1 Qa5 14. a3 Bg7 15.
g3 O-O 16. g4 h4 17. Bg2 Rac8 18. Qe3 b5 19. Rd3 Rfe8 20. c3 Qd8 21. Rhd1 Na5
22. Qb6 Bxd5 23. Qxd8 Rexd8 24. Rxd5 Bf8 25. a4 Rb8 26. axb5 axb5 27. Nc1 Rdc8
28. Bf1 Nc4 29. Na2 Rc5 30. Nb4 Na5 31. Na6 Rxd5 32. Rxd5 Rb6 33. Bxb5 Nb3 34.
Bc4 Nc5 35. Nxc5 dxc5 36. g5 Rd6 37. Kc2 Rxd5 38. Bxd5 Be7 39. Kd3 Bxg5 40. Kc4
Be7 41. b4 cxb4 42. cxb4 Kf8 43. b5 Bd6 44. b6 Ke7 45. Kb5 Kd7 46. Bxf7 g5 47.
Bh5 Kc8 48. Kc6 Bb4 49. Bg4+ Kb8 50. Kd5 Bc3 51. Ke6 Bd4 52. Kf5 Kb7 53. f3 Kxb6
54. Kxg5 Bf2 55. f4 exf4 56. e5 Kc7 1/2-1/2

[Event "10th Chennai Open 2018"]
[Site "Chennai IND"]
[Date "2018.01.24"]
[Round "9.6"]
[White "Sivuk, Vitaly"]
[Black "Deepan, Chakkravarthy J."]
[Result "1/2-1/2"]
[WhiteTitle "GM"]
[BlackTitle "GM"]
[WhiteElo "2550"]
[BlackElo "2475"]
[WhiteFideId "14116502"]
[BlackFideId "5011132"]
[EventDate "2018.01.18"]

1. Nf3 d5 2. g3 g6 3. Bg2 Bg7 4. d4 Nh6 5. O-O O-O 6. c3 Nc6 7. Bf4 a6 8. Nbd2
f5 9. c4 e6 10. cxd5 exd5 11. Nb3 Nf7 12. Qc1 h6 13. h4 a5 14. Rd1 Kh7 15. Nc5
Re8 16. Bf1 Bf6 17. Bg2 Bg7 18. Be3 Nd6 19. Ne5 Nxe5 20. dxe5 Rxe5 21. Bxd5 Qe7
22. Rb1 a4 23. Bf4 Rxd5 24. Rxd5 b6 25. Nd3 Bb7 26. Re5 Qf7 27. f3 Nc4 28. b3
axb3 29. axb3 Nxe5 30. Bxe5 Ra2 31. Rb2 Rxb2 32. Qxb2 Bf8 33. Qd4 Ba6 34. Qd8
Bxd3 35. Qxd3 Bg7 36. Bxg7 Kxg7 37. Qc3+ Kg8 38. b4 Qe7 39. Qc6 Kg7 40. Kf2 Qxb4
41. Qxc7+ Kf6 42. Qd8+ Kf7 43. Qc7+ Kf6 44. Qd8+ Kf7 45. Qc7+ 1/2-1/2

[Event "10th Chennai Open 2018"]
[Site "Chennai IND"]
[Date "2018.01.24"]
[Round "9.7"]
[White "Sidhant, Mohapatra"]
[Black "Tran, Tuan Minh"]
[Result "1-0"]
[WhiteTitle "IM"]
[BlackTitle "GM"]
[WhiteElo "2382"]
[BlackElo "2548"]
[WhiteFideId "5028698"]
[BlackFideId "12401820"]
[EventDate "2018.01.18"]

1. e4 c5 2. Nf3 d6 3. d4 cxd4 4. Nxd4 Nf6 5. Nc3 a6 6. a3 e5 7. Nf5 d5 8. Bg5 d4
9. Bxf6 Qxf6 10. Nd5 Qd8 11. Bc4 g6 12. Nxd4 Nc6 13. Ne2 Bg7 14. O-O O-O 15. Qd3
Be6 16. Rad1 Rc8 17. c3 b5 18. Ba2 Kh8 19. a4 bxa4 20. Qxa6 Qa5 21. Qxa5 Nxa5
22. Nc1 Rb8 23. Nd3 Rfc8 24. Ra1 Bf8 25. Ne3 Nb3 26. Bxb3 Bxb3 27. Nxe5 Bh6 28.
Nf3 Bxe3 29. fxe3 Bc2 30. Nd4 Bxe4 31. Rf2 Rc4 32. Nf3 Bxf3 33. gxf3 Rb3 34. Rc2
Kg7 35. Kf1 Rb5 36. Rd2 Rf5 37. Rf2 Ra5 38. Ra3 Rd5 39. Ke2 f5 40. Rf1 Rh4 41.
Rf2 Rc4 42. Ra1 Kh6 43. Rd1 Rb5 44. Kd3 Rc7 45. Ra1 Rcb7 46. Rxa4 Rxb2 47. Rxb2
Rxb2 48. c4 Rb3+ 49. Kd4 f4 50. exf4 Rxf3 51. Ke5 Re3+ 52. Kd5 Rd3+ 53. Kc6 Rd4
54. Kb5 Rxf4 55. c5 Rf8 56. Rh4+ Kg7 57. c6 g5 58. Rd4 Kg6 59. c7 Rc8 60. Kc6 h5
61. Rd8 Rxc7+ 62. Kxc7 Kf5 63. Kd6 h4 64. Kd5 Kf4 65. Rf8+ Kg4 66. Ke4 Kh3 67.
Kf3 Kxh2 68. Kg4 Kg2 69. Ra8 1-0

[Event "10th Chennai Open 2018"]
[Site "Chennai IND"]
[Date "2018.01.24"]
[Round "9.8"]
[White "Atalik, Suat"]
[Black "Raghunandan, Kaumandur Srihari"]
[Result "1/2-1/2"]
[WhiteTitle "GM"]
[BlackTitle "IM"]
[WhiteElo "2538"]
[BlackElo "2402"]
[WhiteFideId "14401487"]
[BlackFideId "25004964"]
[EventDate "2018.01.18"]

1. d4 d5 2. c4 c6 3. Nf3 Nf6 4. Nc3 e6 5. Bg5 h6 6. Bxf6 Qxf6 7. Qb3 Nd7 8. e4
dxe4 9. Nxe4 Qf4 10. Bd3 e5 11. Bc2 exd4 12. g3 Qc7 13. O-O-O Nc5 14. Nxc5 Bxc5
15. Rhe1+ Be6 16. Nxd4 O-O-O 17. Nxe6 fxe6 18. f4 g5 19. Qf3 gxf4 20. Qxf4 Qxf4+
21. gxf4 Rxd1+ 22. Kxd1 Bd6 23. Rxe6 Bxf4 24. Bf5 Kc7 25. Re7+ Kb8 26. h4 h5 27.
Kc2 Bg3 28. Bg6 Bxh4 29. Re8+ Rxe8 30. Bxe8 Kc7 31. Bxh5 1/2-1/2

[Event "10th Chennai Open 2018"]
[Site "Chennai IND"]
[Date "2018.01.24"]
[Round "9.9"]
[White "Roy Chowdhury, Saptarshi"]
[Black "Pruijssers, Roeland"]
[Result "1/2-1/2"]
[WhiteTitle "GM"]
[BlackTitle "GM"]
[WhiteElo "2318"]
[BlackElo "2536"]
[WhiteFideId "5002974"]
[BlackFideId "1013068"]
[EventDate "2018.01.18"]

1. e4 e5 2. Nf3 Nc6 3. Bc4 Bc5 4. c3 Nf6 5. d3 d6 6. O-O a6 7. Bb3 Ba7 8. Nbd2
O-O 9. h3 h6 10. Re1 Re8 11. Nf1 Be6 12. N3h2 d5 13. Qf3 dxe4 14. dxe4 Bxb3 15.
axb3 Qd6 16. Ng3 Qe6 17. b4 Ne7 18. Ng4 Nxg4 19. hxg4 Bb6 20. g5 hxg5 21. Bxg5
f6 22. Be3 Bxe3 23. Rxe3 Rad8 24. Rd1 g6 25. Red3 Rxd3 26. Rxd3 Kf7 27. Qd1 Nc8
28. Nf5 Ne7 29. Rh3 gxf5 30. Qh5+ Kf8 31. Qh6+ Kf7 32. Qh7+ Kf8 33. Qh6+ Kf7 34.
Qh7+ 1/2-1/2

[Event "10th Chennai Open 2018"]
[Site "Chennai IND"]
[Date "2018.01.24"]
[Round "9.10"]
[White "Horvath, Adam1"]
[Black "Llaneza Vega, Marcos"]
[Result "0-1"]
[WhiteTitle "GM"]
[BlackTitle "IM"]
[WhiteElo "2484"]
[BlackElo "2421"]
[WhiteFideId "708003"]
[BlackFideId "2253585"]
[EventDate "2018.01.18"]

1. e4 c5 2. Nf3 d6 3. d4 cxd4 4. Nxd4 Nf6 5. Nc3 g6 6. Be3 Bg7 7. f3 Nc6 8. Qd2
O-O 9. O-O-O d5 10. Qe1 e6 11. h4 Qc7 12. Ndb5 Qb8 13. exd5 Nxd5 14. Nxd5 exd5
15. Qd2 Qe5 16. c3 Be6 17. Nd4 Rac8 18. Kb1 Rfe8 19. Bd3 Bd7 20. Bf4 Qf6 21.
Nxc6 Qxc6 22. h5 d4 23. c4 Bf5 24. Bxf5 gxf5 25. h6 Bf6 26. Qd3 Qxc4 27. Qxf5
Rc6 28. Rhe1 Re2 29. Bc1 d3 30. Qxf6 Qc2+ 0-1

[Event "10th Chennai Open 2018"]
[Site "Chennai IND"]
[Date "2018.01.24"]
[Round "9.11"]
[White "Muthaiah, AL"]
[Black "Karthik, Venkataraman"]
[Result "0-1"]
[BlackTitle "FM"]
[WhiteElo "2291"]
[BlackElo "2476"]
[WhiteFideId "5092442"]
[BlackFideId "25006479"]
[EventDate "2018.01.18"]

1. c4 g6 2. Nf3 Bg7 3. d4 Nf6 4. g3 O-O 5. Bg2 d6 6. O-O Nc6 7. Nc3 a6 8. h3 Bf5
9. Ne1 Rb8 10. e4 Bd7 11. Nc2 b5 12. cxb5 axb5 13. b4 e5 14. d5 Nd4 15. Be3 Nxc2
16. Qxc2 h5 17. Rac1 h4 18. Bg5 Qc8 19. g4 Nh7 20. Bxh4 f5 21. Ne2 g5 22. Bxg5
f4 23. Bh4 f3 24. Qxc7 fxg2 25. Rfe1 Qe8 26. Kxg2 Bf6 27. Bg3 Ng5 28. Ng1 Rc8
29. Qxd6 Rxc1 30. Rxc1 Nxe4 31. Qb6 Qf7 32. Rd1 Nxg3 33. Kxg3 Qh7 34. Kg2 Qe4+
35. Kf1 Bh4 36. Rd2 Rc8 37. f3 Qe1+ 0-1

[Event "10th Chennai Open 2018"]
[Site "Chennai IND"]
[Date "2018.01.24"]
[Round "9.12"]
[White "Tiviakov, Sergei"]
[Black "Hegde, Ravi Gopal"]
[Result "1-0"]
[WhiteTitle "GM"]
[BlackTitle "IM"]
[WhiteElo "2584"]
[BlackElo "2105"]
[WhiteFideId "1008013"]
[BlackFideId "5000254"]
[EventDate "2018.01.18"]

1. e4 e5 2. Nf3 Nc6 3. Bb5 a6 4. Ba4 Nf6 5. Qe2 b5 6. Bb3 Be7 7. c3 O-O 8. d4 d6
9. Nbd2 Bb7 10. O-O Nd7 11. Rd1 Bf6 12. d5 Ne7 13. Nf1 Ng6 14. g3 Qb8 15. Ne3
Ne7 16. Ng4 c6 17. dxc6 Bxc6 18. Nxf6+ Nxf6 19. Bg5 Ra7 20. Bxf6 gxf6 21. Nh4
Rd7 22. Qg4+ Kh8 23. Qf3 Kg7 24. Nf5+ Nxf5 25. Qxf5 Rdd8 26. Qg4+ Kh8 27. Bd5
Bxd5 28. Rxd5 Rg8 29. Qf3 Rg6 30. Rad1 Kg7 31. Kg2 Kf8 32. Qd3 Ke7 33. a4 bxa4
34. Qxa6 h5 35. Rb5 Qc8 36. Rb7+ Ke6 37. Qb5 1-0